| 000 | 00365nam a2200145Ia 4500 | ||
|---|---|---|---|
| 005 | 20250729165333.0 | ||
| 008 | 250729s2005 xx 000 0 und d | ||
| 041 | _aeng | ||
| 082 | _a371.4 VENT | ||
| 100 |
_aVenkataiah S _9221215 |
||
| 245 | _aScience Education | ||
| 260 |
_aNew Delhi _bAnnual Publication _c2005 |
||
| 300 | _a274p | ||
| 650 |
_aTechnology _9221216 |
||
| 999 |
_c234908 _d234908 |
||